| 000 | 00999pam a2200301 a 4500 | ||
|---|---|---|---|
| 001 | 13118 | ||
| 003 | BD-RjUL | ||
| 005 | 20211208235417.0 | ||
| 008 | 140130s1982 enka b 001 0 eng | ||
| 020 | _a0080280307 : | ||
| 020 | _a0080280293 (pbk.) : | ||
| 035 | _a(BD-RjUL)13168 | ||
| 040 |
_aDLC _cDLC _dDLC _dBD-RjUL _beng |
||
| 041 | _aeng | ||
| 082 | 0 | 0 |
_a571.32 _223 _bFAP |
| 100 | 1 |
_aFahn, A., _d1916- _940866 |
|
| 245 | 1 | 0 |
_aPlant anatomy / _cby A. Fahn. |
| 250 | _a3rd ed. | ||
| 260 |
_aOxford ; _aNew York : _bPergamon Press, _c1982. |
||
| 300 |
_axi, 544 p. : _bill. ; _c26 cm. |
||
| 500 | _aFirst ed. translated by Sybil-Broido-Altman from the Hebrew published under title: Anaṭomyah shel ha-tsemaḥ. | ||
| 504 | _aIncludes bibliographies and indexes. | ||
| 650 | 0 |
_aPlant anatomy. _938433 |
|
| 942 |
_2ddc _cBK |
||
| 999 |
_c13118 _d13118 |
||